000 00216nam a22000857a 4500
008 170622b xxu||||| |||| 00| 0 eng d
100 _93631
_aHalvorson. M
245 _aMicrosoft Visual Basic 6.0
260 _aNew delhi
_c2003
999 _c7022
_d7022